000 00813nam a2200229Ia 4500
003 GCL
008 140319s9999 xx 000 0 ara d
040 _aGCL /
_cGCL
082 0 4 _aق
_b333.0092
_bح ص
100 1 _aحلمى احمد شلبى
245 1 0 _aصغار ملاك الاراضى الزراعية فى مديرية المنوفية (1891 ـ 1913) /
_cحلمى احمد شلبى
260 _a[S.N] :
_bالهيئة المصرية العامة للكتاب ،
_c1990
300 _a182 ص
490 _aمصر النهضة
_v0
650 0 4 _aالعصر الحديث
650 0 4 _aمصر
650 0 4 _aتاريخ
650 0 4 _aالاحوال الاجتماعية
650 0 4 _aالاصلاح الزراعى
650 0 4 _aمركز وثائق وتاريخ مصر المعاصر
942 _2ddc
_cBK
999 _c52950
_d52950